000 00610nam a22002177a 4500
003 UA-OsUOA
001 88608
007 ta
008 20121009b un ||||| |||| 00| 0 ukr d
100 _aЛазебник Л.
090 _a330(477)
_bЛ17
942 _cSA
040 _aUA-OsUOA
_bukr
_cUA-OsUOA
_dUA-OsUOA
245 _aПринципи та стандарти регулювання міжнародних банківських операцій
300 _aС.87-97
955 _a0
041 _aukr
080 _a330(477)
773 0 _w88599
650 7 _a330 Економіка взагалі
_2UDC
999 _c374722
_d374722